000 00634nam a2200217 4500
003 OSt
005 20240628022439.0
006 a
008 240628b |||||||| |||| 00| 0 eng d
020 _a9781926692302
040 _aDWCL-Main lib.
_cOC
082 _2First edition
_aCirc. 590 L296p 2010
100 _aLantu, Midya
245 _aPractical zoology /
250 _aFirst edition
260 _aOakville, ON :
_bApple Academic Press Inc. ,
_cc2010.
300 _b261 p. : ill. ;
_c24 cm.
504 _aIncludes bibliographical references & index.
650 _a1. Zoology.
942 _2ddc
_n0
_cBK-CIRC
_eFirst edition
_kCirc.
999 _c1555
_d1555